[Event "Madrid-chT 1314"]
[Site "Madrid"]
[Date "2014.03.15"]
[Round "14.26"]
[White "Collado Barbas, Laura"]
[Black "Mena Borras, Mario"]
[Result "1-0"]
[WhiteElo "2133"]
[BlackElo "2108"]
[PlyCount "49"]
[EventDate "2013.11.16"]
[EventType "team-tourn"]
[EventRounds "14"]
[EventCountry "ESP"]
[SourceTitle "EXT 2015"]
[Source "ChessBase"]
[SourceDate "2014.11.20"]
[SourceVersion "1"]
[SourceVersionDate "2014.11.20"]
[SourceQuality "1"]
[WhiteTeam "La Casa del Ajedrez"]
[BlackTeam "Blanco y Negro"]
[WhiteTeamCountry "ESP"]
[BlackTeamCountry "ESP"]

1. d4 d5 2. c4 c6 3. Nf3 f5 4. Bf4 e6 5. Nbd2 Nf6 6. e3 Be7 7. Ne5 Nbd7 8. Bd3 Nxe5 9. Bxe5 0-0 10. h3 Ne4 11. 0-0 Bd7 12. f3 Nxd2 13. Qxd2 Be8 14. e4 fxe4 15. fxe4 Bg6 16. exd5 Bxd3 17. Qxd3 exd5 18. Rxf8+ Bxf8 19. Rf1 Bd6 20. Qf5 Bxe5 21. Qf7+ Kh8 22. dxe5 dxc4 23. e6 Qe8 24. Qxb7 Rb8 25. e7 1-0

[Event "Madrid-chT 1213 Honor"]
[Site "Madrid"]
[Date "2013.01.20"]
[Round "6.34"]
[White "Suarez Uriel, Adrian"]
[Black "Mena Borras, Mario"]
[Result "1-0"]
[WhiteElo "2241"]
[BlackElo "2098"]
[PlyCount "71"]
[EventDate "2012.11.18"]
[EventType "team"]
[EventRounds "14"]
[EventCountry "ESP"]
[SourceTitle "EXT 2014"]
[Source "ChessBase"]
[SourceDate "2013.11.20"]
[SourceVersion "1"]
[SourceVersionDate "2013.11.20"]
[SourceQuality "1"]
[WhiteTeam "Casa del Ajedrez"]
[BlackTeam "Blanco y Negro"]
[WhiteTeamCountry "ESP"]
[BlackTeamCountry "ESP"]

1. e4 e6 2. d4 d5 3. Nd2 Nf6 4. e5 Nfd7 5. Bd3 c5 6. c3 b6 7. Ne2 Ba6 8. Bxa6 Nxa6 9. 0-0 Be7 10. f4 f5 11. exf6 Bxf6 12. Nf3 0-0 13. Ne5 Nxe5 14. fxe5 Be7 15. Nf4 Nc7 16. Qg4 Qd7 17. Be3 Rf5 18. Rf3 Rg5 19. Qh3 Rf8 20. Raf1 Rgf5 21. Qg4 cxd4 22. cxd4 Bg5 23. Nxd5 Qxd5 24. Qxg5 Rxf3 25. Rxf3 Rxf3 26. gxf3 Nb5 27. Qg4 Qxa2 28. Kg2 Qd5 29. Bh6 Qd7 30. d5 Nc7 31. d6 Ne8 32. Bg5 g6 33. Be7 Ng7 34. Qe4 Qc8 35. Kh3 Nf5 36. d7 1-0

[Event "Madrid-chT"]
[Site "Madrid"]
[Date "2011.11.27"]
[Round "3.15"]
[White "Mena Borras, Mario"]
[Black "Ramirez Garcia, Jorge Alberto"]
[Result "1/2-1/2"]
[WhiteElo "2105"]
[BlackElo "2177"]
[PlyCount "95"]
[EventDate "2011.11.13"]
[EventType "team-tourn"]
[EventRounds "14"]
[EventCountry "ESP"]
[SourceTitle "EXT 2013"]
[Source "ChessBase"]
[SourceDate "2012.11.22"]
[SourceVersion "1"]
[SourceVersionDate "2012.11.22"]
[SourceQuality "1"]
[WhiteTeam "Blanco y Negro"]
[BlackTeam "Moratalaz"]
[WhiteTeamCountry "ESP"]
[BlackTeamCountry "ESP"]

1. e4 e6 2. d4 d5 3. e5 c5 4. c3 Qb6 5. Nf3 Nc6 6. a3 cxd4 7. cxd4 Nh6 8. Nc3 Nf5 9. Na4 Qd8 10. b4 f6 11. Bb2 fxe5 12. dxe5 Be7 13. Bd3 0-0 14. 0-0 Bd7 15. Rc1 Be8 16. h3 b6 17. Nc3 a5 18. b5 Nb8 19. Ne2 Bc5 20. Ned4 Nxd4 21. Nxd4 Qe7 22. Qg4 Bf7 23. a4 Ra7 24. Rc2 Rc7 25. Rfc1 Rfc8 26. Kh2 Nd7 27. Nc6 Qe8 28. Qh4 Nf8 29. Bd4 Bg6 30. Bxg6 Nxg6 31. Qg4 Bxd4 32. Qxd4 Rb7 33. f4 Qd7 34. Rf1 Rf8 35. g4 Ne7 36. f5 Nc8 37. Rcf2 exf5 38. gxf5 h6 39. f6 Qe6 40. fxg7 Rxf2+ 41. Qxf2 Rxg7 42. Qf8+ Kh7 43. Qf5+ Qxf5 44. Rxf5 Ne7 45. Rf6 Ng6 46. Rd6 Nh4 47. Rf6 Rg2+ 48. Kh1 1/2-1/2

[Event "Benasque op 17th"]
[Site "Benasque"]
[Date "1997.??.??"]
[Round "4"]
[White "Mena Borras, Mario"]
[Black "Andreasson, Ingvar"]
[Result "0-1"]
[WhiteElo "2110"]
[BlackElo "2355"]
[PlyCount "96"]
[EventDate "1997.07.??"]
[EventType "swiss"]
[EventRounds "9"]
[EventCountry "ESP"]
[SourceTitle "EXT 1998"]
[Source "ChessBase"]
[SourceDate "1997.11.17"]
[SourceVersion "1"]
[SourceVersionDate "1997.11.17"]
[SourceQuality "1"]

1. c4 e5 2. Nc3 Nc6 3. g3 g6 4. Bg2 Bg7 5. d3 d6 6. e4 Nf6 7. Nge2 Nd7 8. f4 exf4 9. Bxf4 Nde5 10. a3 Bg4 11. h3 Bf3 12. 0-0 Bxg2 13. Kxg2 0-0 14. b3 Re8 15. Qd2 a5 16. Rf2 Nd7 17. d4 Nb6 18. a4 Nb4 19. Raf1 f6 20. Bh6 Bh8 21. g4 c6 22. g5 Nd7 23. gxf6 Bxf6 24. e5 dxe5 25. Ne4 Bh4 26. Rf7 Re7 27. Bg5 Bxg5 28. Nxg5 Nc5 29. Qe3 h6 30. dxc5 hxg5 31. R7f6 Qd3 32. Qf2 Rg7 33. Ng3 Qc2 34. Ne2 Qe4+ 35. Kg1 Nd3 36. Qf3 Qxf3 37. R1xf3 Nxc5 38. Rd6 Rf8 39. Re3 e4 40. Nd4 Re8 41. Kg2 Kh7 42. Rg3 Ree7 43. Nc2 Rd7 44. Rxd7 Rxd7 45. b4 axb4 46. Nxb4 Rd4 47. Rc3 Nxa4 48. Rc2 Nb6 0-1